Que's computer & internet dictionary (Record no. 41394)

MARC details
000 -LEADER
fixed length control field 00325nam a2200121Ia 4500
082 ## - DEWEY DECIMAL CLASSIFICATION NUMBER
Classification number 681.31(038)INT
Item number PFA
100 ## - MAIN ENTRY--AUTHOR NAME
Personal name Pfaffenberger, B
245 #0 - TITLE STATEMENT
Title Que's computer & internet dictionary
250 ## - EDITION STATEMENT
Edition statement Ed.6
260 ## - PUBLICATION, DISTRIBUTION, ETC. (IMPRINT)
Place of publication New Delhi
Name of publisher Prentie-Hall of India
Year of publication 1998
942 ## - ADDED ENTRY ELEMENTS (KOHA)
Koha item type Books
Holdings
Withdrawn status Lost status Damaged status Not for loan Home library Current library Date acquired Cost, normal purchase price Full call number Accession Number Koha item type
        RRII Library RRII Library 16/12/2021 150.00 681.31(038)INT PFA 21681 Books